000 00666nam a22002177a 4500
003 UA-OsUOA
001 63568
007 ta
008 20091009b un ||||| |||| 00| 0 ukr d
100 _aСоколов В.
090 _a32
_bС59
942 _cSA
040 _aUA-OsUOA
_bukr
_cUA-OsUOA
_dUA-OsUOA
245 _aСоціально-економічні стандарти та права людини в Європейському Союзі на сучасному етапі його розвитку
300 _aС.20-22
955 _a0
041 _aukr
080 _a32
773 0 _w63567
_tВіче
_dК.
_d2009
_g18
650 7 _a32 Політика
_2UDC
999 _c349827
_d349827